000 00535nam a2200181Ia 4500
003 OSt
005 20251117154649.0
020 _a0-07-142040-1
040 _cLIBRARY OF CONGRESS
050 _aQA 76.73 .J38 2004
100 _aHUBBARD ,JOHN R.
245 0 _aSCHAUM'S OUTLINE OF THEORY AND PROBLEMS OF PROGRAMMING WITH JAVA
260 _aNEW YORK
_bMCGRAW-HILL
_c2004
300 _aXII, 345 P.: ILL
500 _aINCLUDES BIBLIOGRAPHICAL REFERENCES AND INDEX
600 _aJAVA (COMPUTER PROGRAM LANGUAGE)
942 _cBK
_2lcc
_n0
999 _c183804
_d183804